| 000 | 01060cam a2200301 a 4500 | ||
|---|---|---|---|
| 999 |
_c11547 _d11547 |
||
| 001 | 3804955 | ||
| 005 | 20171114142101.0 | ||
| 008 | 850529s1985 nyucfj 001 0ceng | ||
| 010 | _a 85012150 | ||
| 020 | _a0399130942 | ||
| 040 |
_aDLC _cDLC _dBSU |
||
| 043 | _ae-uk--- | ||
| 050 | 0 | 0 |
_aDA591.A33 _bM36 1985 |
| 082 | 0 | 0 |
_a941.085MAR _aB _219 |
| 100 | 1 |
_aMartin, Ralph G., _d1920-2013. _921861 |
|
| 245 | 1 | 0 |
_aCharles & Diana / _cRalph G. Martin. |
| 260 |
_aNew York : _bPutnam, _cc1985. |
||
| 300 |
_a413 p., [32] p. of plates : _bgeneal. tables, ports. ; _c24 cm. |
||
| 500 | _aIncludes index. | ||
| 600 | 0 | 0 |
_aCharles, _cPrince of Wales, _d1948- _xMarriage. _921862 |
| 600 | 0 | 0 |
_aDiana, _cPrincess of Wales, _d1961-1997 _xMarriage. _921863 |
| 650 | 0 |
_aPrinces _zGreat Britain _vBiography. _921864 |
|
| 650 | 0 |
_aPrincesses _zGreat Britain _vBiography. _921865 |
|
| 650 | 0 |
_aMarriages of royalty and nobility _zGreat Britain. _921866 |
|
| 658 | _aGeography | ||
| 740 | 0 | _aCharles and Diana. | |
| 906 |
_a7 _bcbc _corignew _d1 _eocip _f19 _gy-gencatlg |
||
| 942 |
_2ddc _cBK |
||